| 000 | 01309nam a22003497a 4500 | ||
|---|---|---|---|
| 003 | CHAP | ||
| 005 | 20220329135819.0 | ||
| 008 | 971013s1993 r 00010 d | ||
| 010 | _a42671 | ||
| 011 | _a43643 | ||
| 035 | _a47779 | ||
| 040 | _cCHAP | ||
| 082 |
_a325.2 _bI58 |
||
| 110 |
_aInstituto Nacional de Estadística, Geografía e Informática. México _959304 |
||
| 245 |
_aMigración _b: tabulados temáticos |
||
| 260 |
_aAguascalientes, Ags. : _bINEGI, _c1993 |
||
| 300 | _a2 v. | ||
| 590 |
_aBATCH-UPD _b10 _c20130110 _lUCH01 _h0929 |
||
| 590 |
_aBATCH-UPD _b10 _c20130410 _lUCH01 _h0548 |
||
| 590 |
_aBATCH-UPD _b10 _c20130914 _lUCH01 _h1259 |
||
| 590 |
_aCONVERSION _b10 _c20130109 _lUCH01 _h1323 |
||
| 650 | 1 | 4 |
_aEmigración e inmigración. _936517 |
| 650 | 1 | 4 |
_aMéxico _xEstadísticas. _976743 |
| 650 | 1 | 4 |
_aPoblación rural _zMéxico. _989459 |
| 650 | 1 | 4 |
_aPoblación _xMéxico. _989408 |
| 901 | _aBK | ||
| 942 | _cLIBRO | ||
| 949 |
_a325.2 I58 _bBC _cINEGI _d33724000529285 _eINEGI _fv.2 _gI. c/e _h88953 _i47779 _si |
||
| 949 |
_a325.2 I58 _bBC _cINEGI _d33724000529806 _eINEGI _fv.1 _gI. c/e _h88952 _i47779 _si |
||
| 949 |
_a325.2 I58 _bBC _cINEGI _d33724000841227 _eINEGI _fv.1 c.2 _gDonaciØn _h100808 _i47779 _sb |
||
| 949 |
_a325.2 I58 _bBC _cINEGI _d33724000841276 _eINEGI _fv.2 c.2 _gDonaciØn _h100809 _i47779 _sb |
||
| 999 |
_c42671 _d42671 |
||